000 00588nam a2200229Ia 4500
003 OSt
005 20220918225434.0
006 a|||||r|||| 00| 0
007 ta
008 220917b |||||||| |||| 00| 0 eng d
024 _a241,709
037 _cTextual
040 _aARTS
_cARTS
_beng
041 _2eng
_aeng
082 _aQ2:24, L6
100 _aPandit M P
_922657
245 0 _aGleanings from the Upanishads
260 _aPondicherry
_bDipti Publications
_c1976
650 _aRELIGION
942 _hQ2:24, L6
_cTEXL
_2CC
999 _c284686
_d284686